[Event "GER-chT U10"]
[Site "Magdeburg"]
[Date "2016.12.28"]
[Round "5.1"]
[White "Haenselmann, Hendrik"]
[Black "Thomas, Anton"]
[Result "1-0"]
[WhiteElo "1329"]
[BlackElo "1187"]
[PlyCount "57"]
[EventDate "2016.12.27"]
[EventType "team-swiss"]
[EventRounds "7"]
[EventCountry "GER"]
[SourceTitle "EXT 2018"]
[Source "ChessBase"]
[SourceDate "2017.10.13"]
[SourceVersion "1"]
[SourceVersionDate "2017.10.13"]
[SourceQuality "1"]
[WhiteTeam "Karlsruhe SF"]
[BlackTeam "Erlangen"]
[WhiteTeamCountry "GER"]
[BlackTeamCountry "GER"]

1. e4 e5 2. Nf3 Nc6 3. Nc3 Nf6 4. Bb5 Bb4 5. d3 0-0 6. Bxc6 dxc6 7. Nxe5 Qe7 8. Nf3 Bg4 9. Bg5 h6 10. Bh4 Rad8 11. 0-0 c5 12. e5 c4 13. exf6 gxf6 14. Re1 Qd6 15. Ne4 Qc6 16. Nxf6+ Kh8 17. Nxg4 Bxe1 18. Bxd8 Bxf2+ 19. Nxf2 Rxd8 20. Qd2 Rg8 21. Qe3 Qg6 22. g3 Qf6 23. dxc4 Rg7 24. Rd1 b6 25. Rd7 Kg8 26. Rxc7 h5 27. Qe4 h4 28. Rc8+ Qd8 29. Rxd8# 1-0

[Event "GER-chT U10"]
[Site "Magdeburg"]
[Date "2016.12.28"]
[Round "4.1"]
[White "Pikalow, Michael"]
[Black "Thomas, Anton"]
[Result "1-0"]
[WhiteElo "1388"]
[BlackElo "1187"]
[PlyCount "47"]
[EventDate "2016.12.27"]
[EventType "team-swiss"]
[EventRounds "7"]
[EventCountry "GER"]
[SourceTitle "EXT 2018"]
[Source "ChessBase"]
[SourceDate "2017.10.13"]
[SourceVersion "1"]
[SourceVersionDate "2017.10.13"]
[SourceQuality "1"]
[WhiteTeam "Magdeburg USC"]
[BlackTeam "Erlangen"]
[WhiteTeamCountry "GER"]
[BlackTeamCountry "GER"]

1. e4 e5 2. Nf3 Nc6 3. Bb5 Nf6 4. 0-0 Bc5 5. Nc3 d6 6. d4 Bg4 7. d5 a6 8. Bxc6+ bxc6 9. dxc6 0-0 10. Qe2 h6 11. Be3 Bxe3 12. Qxe3 Qe8 13. Nh4 Qxc6 14. h3 Bc8 15. f4 Bb7 16. Rae1 Nh5 17. Nd5 Rae8 18. g4 Nxf4 19. Nxf4 exf4 20. Rxf4 g5 21. Rf5 gxh4 22. Qxh6 f6 23. Qg6+ Kh8 24. Rh5# 1-0